000 01982nam a2200385 a 4500
001 000044893
003 DO-SdBNP
005 20260428073714.0
008 150115s2014 dr 000 j spa d
020 _a9789945475876
040 _aDO-SdBNP
_bspa
_cBNPHU
082 4 _aRD863.5
_bP925n
111 2 _aPremios Joven de Cuento Feria del Libro
_d(2013 :
_cSanto Domingo)
_972906
245 1 0 _aNúmero para los Gutiérrez y otros cuentos premiados /
_cpresentación ; Pedro Antonio Valdez.
260 _aSanto Domingo :
_bEdiciones Ferilibro,
_c2014.
300 _a51 p. ;
_c23 cm.
500 _aIncluye datos biográficos de los autores en las solapas
505 0 _gGran premio :
_tNúmeros para los Gutiérrez /
_rIsidro Jiménez Guillén --
_gMenciones :
_tMi reclamo, unas cuantas palabras /
_rVicente Arturo Pichardo --
_tPapito (mantequilla) dejó el limpio /
_rKianny Antigua --
_tMuñeca -
_rJoel Marte Torres --
_tLlámame tristan /
_rRaisa Pimentel --
_tEl bacá apareció en la universidad /
_rEdwin Ricardo Castillo --
_tEl cuerpo estorba /
_rSantana, Moisés --
_tUna hora de vida /
_rKianny Antigua --
590 _aInventariado, 2019/BT
650 0 _aCuentos dominicanos
_9176
650 0 _aLiteratura dominicana.
_967
650 4 _aCertamenes literarios
_91541
650 0 _aPremios literarios
_91542
700 1 2 _aValdez, Pedro Antonio,
_d1968-
_epres.
_922509
700 1 2 _aJiménez Guillén, Isidro
_tNúmeros para los Gutiérrez
_972907
700 1 2 _aPichardo, Vicente Arturo
_tMi reclamo, unas cuantas palabras
_972908
700 1 2 _aAntigua, Kianny
_tPapito (mantequilla) dejó el limpio
_972909
700 1 2 _aMarte Torres, Joel
_tMuñeca
_972910
700 1 2 _aPimentel, Raisa
_tLlámame tristan
_972911
700 1 2 _aCastillo, Edwin Ricardo
_tEl bacá apareció en la universidad
_972912
700 1 2 _aSantana, Moisés
_tEl cuerpo estorba
_972913
700 1 2 _aAntigua, Kianny
_tUna hora de vida
_972914
910 _aValidado. Control de calidad MFF
942 _2ddc
_cLBS1
999 _c44382
_d44382